000 00439cam a2200181ua 4500
020 _cRs. 18.00
041 _aeng
_h
082 _a621.25
_bIBB/AC
100 _aIbbetson, W S .
245 _aAccumulator charging maintanance and repair
250 _a7 /
_b.
260 _aLondon :
_bSir Isaac Pitman & Sons Ltd ,
_c1962.
300 _a193 ; .
365 _aRs. 18.00
504 _a
942 _cBK
999 _c1624
_d1624